| 000 | 01385cam a22003855i 4500 | ||
|---|---|---|---|
| 999 |
_c331431 _d331431 |
||
| 001 | 18627244 | ||
| 003 | NUST | ||
| 005 | 20170928123403.0 | ||
| 008 | 150522s2015 pk b 001 0 eng | ||
| 010 | _a 2015325324 | ||
| 020 | _a9789698535292 | ||
| 025 | _aP-E-2015325324; 31 | ||
| 037 | _bLibrary of Congress -- Islamabad Overseas Office | ||
| 040 |
_aDLC _beng _cDLC _erda |
||
| 041 | 0 |
_aeng _apan |
|
| 042 | _alcode | ||
| 043 | _aa-ii--- | ||
| 050 | 0 | 0 |
_aPK2650.5 _b.S425 2015+ |
| 082 |
_a954.552 _bSHA |
||
| 100 | 1 |
_aShāh, Ṣafdar ʻAlī, _d1948- _eauthor. _95063 |
|
| 245 | 1 | 0 |
_aColonialism English and Punjabi / _cSafdar Ali Shah. |
| 246 | 1 | 4 | _aColonialism English & Punjabi |
| 264 | 1 |
_aIslamabad : _bNational University of Sciences and Technology, _c2015. |
|
| 300 |
_a349 pages ; _c23 cm |
||
| 336 |
_atext _btxt _2rdacontent |
||
| 337 |
_aunmediated _bn _2rdamedia |
||
| 338 |
_avolume _bnc _2rdacarrier |
||
| 504 | _aIncludes bibliographical references (pages 301-320) and index. | ||
| 504 | _aPanjabi in romanized form. | ||
| 650 | 0 |
_aPanjabi literature _xHistory and criticism. _94752 |
|
| 650 | 0 |
_aLiterature and society _zIndia _zPunjab _xHistory. _94753 |
|
| 650 | 0 |
_aLanguage policy _zIndia _xHistory. _94754 |
|
| 651 | 0 |
_aIndia _xColonization _xSocial aspects _xHistory. _94755 |
|
| 906 |
_a7 _bibc _corigode _d3 _encip _f20 _gy-gencatlg |
||
| 942 |
_2ddc _cBK |
||